[Event "Hamburg-chA"]
[Site "Hamburg"]
[Date "2017.06.11"]
[Round "7"]
[White "Schmeichel, Wolfgang"]
[Black "Meyer, Michael M"]
[Result "1-0"]
[WhiteElo "1603"]
[BlackElo "1723"]
[PlyCount "21"]
[EventDate "2017.06.03"]
[EventType "swiss"]
[EventRounds "7"]
[EventCountry "GER"]
[SourceTitle "CBM 179 Extra"]
[Source "ChessBase"]
[SourceDate "2017.08.23"]
[SourceVersion "1"]
[SourceVersionDate "2017.08.23"]
[SourceQuality "1"]

1. e4 c5 2. Nf3 Nc6 3. d4 Nxd4 4. Nxd4 d6 5. Nc3 Nf6 6. Bg5 Bd7 7. Qd2 Qb6 8. Bxf6 gxf6 9. Ndb5 Rc8 10. Nd5 Kd8 11. Nxb6 1-0

[Event "Hamburg-chA"]
[Site "Hamburg"]
[Date "2017.06.03"]
[Round "1"]
[White "Zoeller, Henning"]
[Black "Schmeichel, Wolfgang"]
[Result "0-1"]
[WhiteElo "1644"]
[BlackElo "1603"]
[PlyCount "56"]
[EventDate "2017.06.03"]
[EventType "swiss"]
[EventRounds "7"]
[EventCountry "GER"]
[SourceTitle "CBM 179 Extra"]
[Source "ChessBase"]
[SourceDate "2017.08.23"]
[SourceVersion "1"]
[SourceVersionDate "2017.08.23"]
[SourceQuality "1"]

1. e4 c5 2. c3 d5 3. exd5 Qxd5 4. Qf3 Nf6 5. Qxd5 Nxd5 6. Bc4 Nb6 7. Bb3 Bf5 8. Nf3 c4 9. Bd1 Nc6 10. 0-0 e6 11. Re1 Be7 12. Ne5 Nxe5 13. Rxe5 0-0 14. a4 Nd7 15. Re1 Nc5 16. Na3 Nd3 17. Re3 Bc5 18. Rf3 Be4 19. Nxc4 Bxf3 20. Bc2 Be4 21. Bxd3 Bxd3 22. Ne5 Rad8 23. b4 Be7 24. Ra3 Rd5 25. f4 Bg6 26. d3 f6 27. c4 Rd4 28. Be3 fxe5 0-1